000 00265pab a2200109 454500
008 180718b xxu||||| |||| 00| 0 eng d
100 _aBriz-Kishore, B.H
245 _aSave water - the ten commandments
650 _aWater Storage
773 _aBhagirath
909 _a22467
999 _c22467
_d22467